000 00380nam a2200145Ia 4500
008 150201s2003 xx 000 0 und d
082 _a610
_bP2OO3S
100 _aS.GOWRI SHANKAR
245 _aPOSTGRADUATE DENTAL ENTRANCE EXAMINATION REVIEW
250 _a4TH
260 _bPARAS PUBLISHING
_aHYDERABAD
_c2003
300 _a1-622
650 _aGENERAL DENTISTRY
942 _2ddc
_cBK
999 _c2762
_d2762